000
00318nam a2200133Ia 4500
008
100328s9999 xx 000 0 und d
082
_b
2578
100
_a
Sitaramayya Pattabhi
245
_a
Feathers & Stones
260
_b
Padma Pub.
630
_a
Feathers & Stones
730
_a
Feathers & Stones
942
_c
BOOK
999
_c
498789
_d
498786